Close-Up Disney Movie Posters Quiz Stats

 Plays Quiz Updated May 23, 2018

Challenge
Share
Tweet
Score 0/25 Timer 08:00
1 Play Today
Hint Answer % Correct
Snow White and the Seven Dwarfs
96.7%
The Many Adventures of Winnie the Pooh
93.2%
Aladdin
92.5%
The Lion King
91.7%
Frozen
88.4%
Beauty and the Beast
85.8%
Fantasia
83.9%
Bambi
83.8%
Cinderella
82.5%
The Fox and the Hound
81.6%
The Princess and the Frog
81.2%
Pinocchio
79.4%
Tangled
78.5%
Hint Answer % Correct
Sleeping Beauty
76.5%
Tarzan
73.3%
Wreck-It Ralph
71.3%
The Rescuers
66.9%
Big Hero 6
66.5%
Bolt
66.2%
Meet the Robinsons
62.9%
Dumbo
52.9%
Oliver & Company
47.9%
The Great Mouse Detective
37.7%
The Three Caballeros
28.9%
The Adventures of Ichabod and Mr. Toad
15.5%

You're not logged in!

Compare scores with friends on all Sporcle quizzes.
OR
Log In

You Might Also Like...

Show Comments

Extras

Top Quizzes Today


Score Distribution

Your Account Isn't Verified!

In order to create a playlist on Sporcle, you need to verify the email address you used during registration. Go to your Sporcle Settings to finish the process.

Report this User

Report this user for behavior that violates our Community Guidelines.

Details: